[Event "Cellavision Cup 2019"]
[Site "Lund"]
[Date "2019.08.04"]
[Round "7.16"]
[White "Ornstein, Axel"]
[Black "Jogstad, Daniel"]
[Result "0-1"]
[WhiteElo "2311"]
[BlackElo "2154"]
[Annotator "NA"]
[PlyCount "76"]
[EventDate "2019.08.02"]
[EventType "swiss"]
[EventCountry "SWE"]
[SourceTitle "playchess.com"]
[Source "ChessBase"]
[SourceQuality "1"]
[TimeControl "900+5"]

1. Nf3 {[%emt 0:00:00]} d6 {[%emt 0:00:00]} 2. d4 {[%emt 0:00:00]} Nf6 {[%emt 0:00:00]} 3. c4 {[%emt 0:00:00]} g6 {[%emt 0:00:00]} 4. Nc3 {[%emt 0:00:00]} Bg7 {[%emt 0:00:00]} 5. e4 {[%emt 0:00:00]} O-O {[%emt 0:00:00]} 6. Be2 {[%emt 0:00:00]} Na6 {[%emt 0:00:00]} 7. h3 {[%emt 0:00:00]} e5 {[%emt 0:00:00]} 8. dxe5 {[%emt 0:00:00]} dxe5 {[%emt 0:00:00]} 9. Qxd8 {[%emt 0:00:00]} Rxd8 {[%emt 0:00:00]} 10. Bg5 {[%emt 0:00:00]} c6 {[%emt 0:00:00]} 11. O-O {[%emt 0:00:00]} Nc5 {[%emt 0:00:00]} 12. Rfd1 {[%emt 0:00:00]} Re8 {[%emt 0:00:00]} 13. Nd2 {[%emt 0:00:00]} Ne6 {[%emt 0:00:00]} 14. Be3 {[%emt 0:00:00]} Nd4 {[%emt 0:00:00]} 15. Bd3 {[%emt 0:00:00]} Nd7 {[%emt 0:00:00]} 16. b4 {[%emt 0:00:00]} Nf8 {[%emt 0:00:00]} 17. c5 {[%emt 0:00:00]} b6 {[%emt 0:00:00]} 18. cxb6 {[%emt 0:00:00]} axb6 {[%emt 0:00:00]} 19. Nc4 {[%emt 0:00:00]} Be6 {[%emt 0:00:00]} 20. Nxb6 {[%emt 0:00:00]} Ra3 {[%emt 0:00:00]} 21. Rac1 {[%emt 0:00:00]} Rb8 {[%emt 0:00:00]} 22. Nca4 {[%emt 0:00:00]} Bxa2 {[%emt 0:00:00]} 23. Bxd4 {[%emt 0:00:00]} exd4 {[%emt 0:00:00]} 24. Bc4 {[%emt 0:00:00]} Bxc4 {[%emt 0:00:00]} 25. Rxc4 {[%emt 0:00:00]} Rb3 {[%emt 0:00:00]} 26. Rxc6 {[%emt 0:00:00]} Rxb4 {[%emt 0:00:00]} 27. f4 {[%emt 0:00:00]} d3 {[%emt 0:00:00]} 28. Rxd3 {[%emt 0:00:00]} Bd4+ {[%emt 0:00:00]} 29. Rxd4 {[%emt 0:00:00]} Rxd4 {[%emt 0:00:00]} 30. Nc3 {[%emt 0:00:00]} Ne6 {[%emt 0:00:00]} 31. Ncd5 {[%emt 0:00:00]} Kg7 {[%emt 0:00:00]} 32. f5 {[%emt 0:00:00]} gxf5 {[%emt 0:00:00]} 33. exf5 {[%emt 0:00:00]} Nf4 {[%emt 0:00:00]} 34. Ne3 {[%emt 0:00:00]} Rd2 {[%emt 0:00:00]} 35. Kh2 {[%emt 0:00:00]} Re8 {[%emt 0:03:28]} 36. Nbc4 {[%emt 0:00:53]} Re2 {[%emt 0:03:02]} 37. Kg3 {[%emt 0:00:00]} Nd3 {[%emt 0:00:00]} 38. Kf3 {[%emt 0:05:14]} R2xe3+ {[%emt 0:00:00]} 0-1

[Event "Cellavision Cup 2019"]
[Site "Lund"]
[Date "2019.08.04"]
[Round "8.2"]
[White "Malmstig, Erik"]
[Black "Kulaots, Kaido"]
[Result "0-1"]
[WhiteElo "2335"]
[BlackElo "2560"]
[Annotator "ChessBase"]
[PlyCount "142"]
[EventDate "2019.08.02"]
[EventType "swiss"]
[EventCountry "SWE"]
[SourceTitle "playchess.com"]
[Source "ChessBase"]
[SourceQuality "1"]
[TimeControl "5400+30"]

1. d4 {[%emt 0:00:00]} Nf6 {[%emt 0:00:00]} 2. c4 {[%emt 0:00:00]} g6 {[%emt 0:00:00]} 3. f3 {[%emt 0:00:00]} d5 {[%emt 0:04:16]} 4. cxd5 {[%emt 0:00:14]} Nxd5 {[%emt 0:00:05]} 5. e4 {[%emt 0:00:09]} Nb6 {[%emt 0:00:03]} 6. Nc3 {[%emt 0:00:22]} Bg7 {[%emt 0:00:16]} 7. Be3 {[%emt 0:00:09]} O-O {[%emt 0:00:10]} 8. Qd2 {[%emt 0:00:11]} Nc6 {[%emt 0:00:27]} 9. O-O-O {[%emt 0:00:44]} Qd6 {[%emt 0:00:07]} 10. h4 {[%emt 0:04:40]} Rd8 {[%emt 0:01:34]} 11. e5 {[%emt 0:03:28]} Qb4 {[%emt 0:07:57]} 12. Qf2 {[%emt 0:06:05]} Na4 {[%emt 0:13:08]} 13. a3 {[%emt 0:01:51]} Qb3 {[%emt 0:01:25]} 14. Nxa4 {[%emt 0:09:19]} Qxa4 {[%emt 0:00:06]} 15. Ne2 {[%emt 0:00:33]} Na5 {[%emt 0:08:04]} 16. Nc3 {[%emt 0:01:54]} Bf5 {[%emt 0:00:16]} 17. Bd3 {[%emt 0:04:20]} Bxd3 {[%emt 0:01:11]} 18. Rxd3 {[%emt 0:00:11]} Qc4 {[%emt 0:00:06]} 19. Rdd1 {[%emt 0:01:32]} c5 {[%emt 0:02:42]} 20. dxc5 {[%emt 0:01:04]} Bxe5 {[%emt 0:01:43]} 21. Qc2 {[%emt 0:03:07]} Nb3+ {[%emt 0:13:42]} 22. Kb1 {[%emt 0:00:43]} Nxc5 {[%emt 0:00:43]} 23. Nd5 {[%emt 0:02:51]} Qxc2+ {[%emt 0:00:37]} 24. Kxc2 {[%emt 0:00:06]} Na4 {[%emt 0:10:25]} 25. Nxe7+ {[%emt 0:08:22]} Kf8 {[%emt 0:00:53]} 26. Nd5 {[%emt 0:00:57]} Nxb2 {[%emt 0:04:58]} 27. Bh6+ {[%emt 0:01:26]} Kg8 {[%emt 0:00:03]} 28. Ne7+ {[%emt 0:03:09]} Kh8 {[%emt 0:00:04]} 29. Rxd8+ {[%emt 0:02:23]} Rxd8 {[%emt 0:00:04]} 30. Re1 {[%emt 0:00:46]} Nc4 {[%emt 0:04:47]} 31. Bg5 {[%emt 0:07:19]} f6 {[%emt 0:04:34]} 32. Rxe5 {[%emt 0:01:19]} fxg5 {[%emt 0:00:21]} 33. Rxg5 {[%emt 0:00:26]} Rd7 {[%emt 0:06:23]} 34. Kb3 {[%emt 0:05:18]} Nb6 {[%emt 0:03:26]} 35. Re5 {[%emt 0:01:27]} Kg7 {[%emt 0:00:06]} 36. h5 {[%emt 0:05:11]} Kf6 {[%emt 0:00:46]} 37. hxg6 {[%emt 0:00:18]} hxg6 {[%emt 0:00:16]} 38. Nxg6 {[%emt 0:00:20]} Kxg6 {[%emt 0:00:03]} 39. a4 {[%emt 0:00:40]} Rd3+ {[%emt 0:01:35]} 40. Kc2 {[%emt 0:02:12]} Rd2+ {[%emt 0:05:17]} 41. Kxd2 {[%emt 0:02:54]} Nc4+ {[%emt 0:00:04]} 42. Kc3 {[%emt 0:00:13]} Nxe5 {[%emt 0:00:03]} 43. Kd4 {[%emt 0:01:12]} Nd7 {[%emt 0:00:51]} 44. g4 {[%emt 0:01:50]} Kg5 {[%emt 0:02:00]} 45. a5 {[%emt 0:00:59]} Kf4 {[%emt 0:01:42]} 46. Kd5 {[%emt 0:00:37]} Nb8 {[%emt 0:03:55]} 47. Kd6 {[%emt 0:03:36]} Na6 {[%emt 0:00:04]} 48. Kd5 {[%emt 0:00:58]} Nb4+ {[%emt 0:00:46]} 49. Kc5 {[%emt 0:01:27]} Nd3+ {[%emt 0:00:36]} 50. Kd6 {[%emt 0:00:28]} Kg5 {[%emt 0:00:49]} 51. Kd5 {[%emt 0:01:51]} Kf6 {[%emt 0:00:14]} 52. Kd6 {[%emt 0:00:35]} Kg5 {[%emt 0:01:22]} 53. Kd5 {[%emt 0:00:15]} Nb4+ {[%emt 0:00:48]} 54. Kd6 {[%emt 0:01:15]} Na6 {[%emt 0:00:04]} 55. Kd5 {[%emt 0:00:15]} Kf4 {[%emt 0:00:53]} 56. Kd6 {[%emt 0:00:30]} Kg5 {[%emt 0:00:30]} 57. Kd5 {[%emt 0:00:12]} Nc7+ {[%emt 0:00:32]} 58. Kd6 {[%emt 0:00:31]} Nb5+ {[%emt 0:00:11]} 59. Kc5 {[%emt 0:00:48]} Nc7 {[%emt 0:00:40]} 60. Kd6 {[%emt 0:00:17]} Ne8+ {[%emt 0:00:16]} 61. Kd5 {[%emt 0:00:59]} Kf4 {[%emt 0:00:24]} 62. Ke6 {[%emt 0:00:43]} Kxf3 {[%emt 0:01:03]} 63. g5 {[%emt 0:00:05]} Kf4 {[%emt 0:00:08]} 64. g6 {[%emt 0:00:16]} Kg5 {[%emt 0:00:07]} 65. Kf7 {[%emt 0:02:55]} b5 {[%emt 0:00:29]} 66. Kxe8 {[%emt 0:01:18]} Kxg6 {[%emt 0:00:06]} 67. Kd7 {[%emt 0:00:11]} b4 {[%emt 0:00:03]} 68. Kc6 {[%emt 0:00:05]} b3 {[%emt 0:00:08]} 69. Kb7 {[%emt 0:00:04]} b2 {[%emt 0:00:09]} 70. Kxa7 {[%emt 0:00:06]} b1=Q {[%emt 0:00:09]} 71. a6 {[%emt 0:00:11]} Qb5 {[%emt 0:00:11]} 0-1

[Event "Cellavision Cup 2019"]
[Site "Lund"]
[Date "2019.08.04"]
[Round "8.3"]
[White "Popilski, Gil"]
[Black "Marin, Mihail"]
[Result "0-1"]
[WhiteElo "2467"]
[BlackElo "2525"]
[Annotator "ChessBase"]
[PlyCount "100"]
[EventDate "2019.08.02"]
[EventType "swiss"]
[EventCountry "SWE"]
[SourceTitle "playchess.com"]
[Source "ChessBase"]
[SourceQuality "1"]
[TimeControl "5400+30"]

1. e4 {[%emt 0:00:00]} e6 {[%emt 0:01:12]} 2. d4 {[%emt 0:00:00]} d5 {[%emt 0:00:06]} 3. Nc3 {[%emt 0:01:15]} Bb4 {[%emt 0:00:07]} 4. e5 {[%emt 0:00:10]} b6 {[%emt 0:00:08]} 5. Nf3 {[%emt 0:07:50]} Ne7 {[%emt 0:01:28]} 6. Bd3 {[%emt 0:02:22]} Ba6 {[%emt 0:01:50]} 7. O-O {[%emt 0:00:46]} Bxd3 {[%emt 0:11:11]} 8. Qxd3 {[%emt 0:04:29]} Bxc3 {[%emt 0:00:35]} 9. Qxc3 {[%emt 0:06:38]} Nbc6 {[%emt 0:00:35]} 10. Ng5 {[%emt 0:15:49]} h6 {[%emt 0:01:52]} 11. Nh3 {[%emt 0:00:04]} Qd7 {[%emt 0:01:31]} 12. Qd3 {[%emt 0:02:15]} O-O-O {[%emt 0:09:46]} 13. Qa6+ {[%emt 0:05:41]} Kb8 {[%emt 0:00:06]} 14. c3 {[%emt 0:00:03]} f6 {[%emt 0:04:58]} 15. f4 {[%emt 0:03:11]} f5 {[%emt 0:00:31]} 16. Be3 {[%emt 0:01:37]} Rdg8 {[%emt 0:00:33]} 17. Rf3 {[%emt 0:04:51]} Nd8 {[%emt 0:01:13]} 18. Rg3 {[%emt 0:05:42]} Nf7 {[%emt 0:05:16]} 19. b3 {[%emt 0:00:44]} g6 {[%emt 0:04:13]} 20. Rd1 {[%emt 0:05:51]} Rg7 {[%emt 0:00:36]} 21. c4 {[%emt 0:04:26]} Rhg8 {[%emt 0:03:53]} 22. Kh1 {[%emt 0:03:03]} g5 {[%emt 0:01:54]} 23. Rc1 {[%emt 0:08:03]} g4 {[%emt 0:15:27]} 24. Ng1 {[%emt 0:00:09]} h5 {[%emt 0:00:05]} 25. Bd2 {[%emt 0:09:30]} h4 {[%emt 0:08:32]} 26. Rd3 {[%emt 0:00:18]} dxc4 {[%emt 0:00:09]} 27. bxc4 {[%emt 0:00:17]} h3 {[%emt 0:00:07]} 28. Ne2 {[%emt 0:02:34]} hxg2+ {[%emt 0:01:40]} 29. Kg1 {[%emt 0:01:55]} Nd8 {[%emt 0:02:07]} 30. Rd1 {[%emt 0:03:18]} Rh7 {[%emt 0:04:52]} 31. Be1 {[%emt 0:01:15]} Rgh8 {[%emt 0:01:41]} 32. Bg3 {[%emt 0:00:01]} c6 {[%emt 0:00:37]} 33. Kxg2 {[%emt 0:01:37]} Ng6 {[%emt 0:02:58]} 34. d5 {[%emt 0:00:31]} cxd5 {[%emt 0:00:37]} 35. cxd5 {[%emt 0:00:13]} exd5 {[%emt 0:00:39]} 36. Rxd5 {[%emt 0:00:20]} Qc6 {[%emt 0:02:04]} 37. Kg1 {[%emt 0:00:42]} Nb7 {[%emt 0:02:33]} 38. Qd3 {[%emt 0:00:22]} Nh4 {[%emt 0:00:59]} 39. Bxh4 {[%emt 0:00:56]} Rxh4 {[%emt 0:00:13]} 40. Rc1 {[%emt 0:00:24]} Nc5 {[%emt 0:01:40]} 41. Rd8+ {[%emt 0:00:38]} Kb7 {[%emt 0:00:25]} 42. Rxh8 {[%emt 0:00:26]} Rxh8 {[%emt 0:00:42]} 43. Qxf5 {[%emt 0:00:31]} Qf3 {[%emt 0:00:45]} 44. Rxc5 {[%emt 0:00:35]} bxc5 {[%emt 0:01:32]} 45. Qd7+ {[%emt 0:00:29]} Ka8 {[%emt 0:00:20]} 46. Nc3 {[%emt 0:00:34]} Qe3+ {[%emt 0:01:21]} 47. Kh1 {[%emt 0:00:13]} Qf3+ {[%emt 0:01:05]} 48. Kg1 {[%emt 0:00:02]} Qxc3 {[%emt 0:02:27]} 49. Qc6+ {[%emt 0:00:08]} Kb8 {[%emt 0:00:05]} 50. Qd6+ {[%emt 0:00:03]} Kb7 {[%emt 0:00:06]} 0-1

[Event "Cellavision Cup 2019"]
[Site "Lund"]
[Date "2019.08.04"]
[Round "8.4"]
[White "Burg, Twan"]
[Black "Silseth, Simon"]
[Result "1-0"]
[WhiteElo "2526"]
[BlackElo "2264"]
[Annotator "ChessBase"]
[PlyCount "125"]
[EventDate "2019.08.02"]
[EventType "swiss"]
[EventCountry "SWE"]
[SourceTitle "playchess.com"]
[Source "ChessBase"]
[SourceQuality "1"]
[TimeControl "5400+30"]

1. e4 {[%emt 0:00:00]} c6 {[%emt 0:00:22]} 2. d4 {[%emt 0:00:09]} d5 {[%emt 0:00:16]} 3. exd5 {[%emt 0:00:18]} cxd5 {[%emt 0:00:12]} 4. c4 {[%emt 0:01:10]} Nf6 {[%emt 0:00:44]} 5. Nc3 {[%emt 0:00:07]} e6 {[%emt 0:01:34]} 6. Nf3 {[%emt 0:00:31]} Bb4 {[%emt 0:02:34]} 7. cxd5 {[%emt 0:00:23]} exd5 {[%emt 0:02:53]} 8. Ne5 {[%emt 0:04:10]} O-O {[%emt 0:02:14]} 9. Bd3 {[%emt 0:02:36]} Ne4 {[%emt 0:05:53]} 10. O-O {[%emt 0:02:06]} Nxc3 {[%emt 0:10:15]} 11. bxc3 {[%emt 0:00:10]} Bxc3 {[%emt 0:04:28]} 12. Bxh7+ {[%emt 0:00:24]} Kxh7 {[%emt 0:02:15]} 13. Qd3+ {[%emt 0:00:02]} Kg8 {[%emt 0:00:40]} 14. Qxc3 {[%emt 0:00:02]} Nc6 {[%emt 0:11:37]} 15. Nxc6 {[%emt 0:00:16]} bxc6 {[%emt 0:01:27]} 16. Qxc6 {[%emt 0:00:31]} Bf5 {[%emt 0:00:25]} 17. Ba3 {[%emt 0:14:18]} Re8 {[%emt 0:01:15]} 18. Rfe1 {[%emt 0:02:20]} Qd7 {[%emt 0:02:03]} 19. Qc3 {[%emt 0:06:29]} Rxe1+ {[%emt 0:04:59]} 20. Rxe1 {[%emt 0:00:07]} Qa4 {[%emt 0:03:31]} 21. h4 {[%emt 0:02:47]} Re8 {[%emt 0:03:40]} 22. Bc5 {[%emt 0:14:04]} a6 {[%emt 0:01:47]} 23. h5 {[%emt 0:03:19]} Kh7 {[%emt 0:06:08]} 24. a3 {[%emt 0:04:42]} Qc2 {[%emt 0:07:19]} 25. Rc1 {[%emt 0:00:58]} Qxc3 {[%emt 0:03:09]} 26. Rxc3 {[%emt 0:00:01]} Bg4 {[%emt 0:01:57]} 27. Rg3 {[%emt 0:00:08]} Be2 {[%emt 0:02:30]} 28. Rg5 {[%emt 0:01:58]} Bc4 {[%emt 0:00:12]} 29. Bb4 {[%emt 0:04:05]} Re4 {[%emt 0:00:34]} 30. Bf8 {[%emt 0:01:13]} g6 {[%emt 0:01:44]} 31. hxg6+ {[%emt 0:01:39]} fxg6 {[%emt 0:00:07]} 32. Bc5 {[%emt 0:00:25]} Re1+ {[%emt 0:00:56]} 33. Kh2 {[%emt 0:00:02]} Re2 {[%emt 0:00:26]} 34. f3 {[%emt 0:02:41]} Kg7 {[%emt 0:00:48]} 35. Rg4 {[%emt 0:02:18]} Re6 {[%emt 0:00:18]} 36. Kg3 {[%emt 0:00:51]} Rf6 {[%emt 0:00:41]} 37. Rh4 {[%emt 0:00:42]} Rf5 {[%emt 0:00:38]} 38. Rh1 {[%emt 0:00:38]} Rg5+ {[%emt 0:01:30]} 39. Kf2 {[%emt 0:00:10]} Rf5 {[%emt 0:00:58]} 40. Re1 {[%emt 0:00:12]} Rf7 {[%emt 0:00:07]} 41. g4 {[%emt 0:02:52]} Rb7 {[%emt 0:00:24]} 42. Kg3 {[%emt 0:00:26]} Rf7 {[%emt 0:00:50]} 43. Be7 {[%emt 0:05:14]} Kg8 {[%emt 0:00:40]} 44. f4 {[%emt 0:00:46]} Rh7 {[%emt 0:00:33]} 45. Bd6 {[%emt 0:00:48]} Rd7 {[%emt 0:00:21]} 46. Be5 {[%emt 0:04:51]} Bd3 {[%emt 0:00:22]} 47. Kh4 {[%emt 0:01:57]} Kf7 {[%emt 0:00:59]} 48. Kg5 {[%emt 0:00:15]} Rb7 {[%emt 0:03:08]} 49. Rh1 {[%emt 0:00:52]} Rb1 {[%emt 0:01:12]} 50. Rh7+ {[%emt 0:00:47]} Ke8 {[%emt 0:00:08]} 51. Rh3 {[%emt 0:01:08]} Be4 {[%emt 0:01:35]} 52. Rh8+ {[%emt 0:00:30]} Kd7 {[%emt 0:00:25]} 53. Rh7+ {[%emt 0:00:11]} Kc6 {[%emt 0:00:33]} 54. Kf6 {[%emt 0:03:43]} Rg1 {[%emt 0:05:03]} 55. g5 {[%emt 0:02:18]} Ra1 {[%emt 0:00:18]} 56. Rc7+ {[%emt 0:02:03]} Kb6 {[%emt 0:00:19]} 57. Rg7 {[%emt 0:00:53]} Rxa3 {[%emt 0:00:16]} 58. Rxg6 {[%emt 0:00:31]} Bxg6 {[%emt 0:00:13]} 59. Kxg6 {[%emt 0:00:02]} Rf3 {[%emt 0:00:17]} 60. f5 {[%emt 0:00:04]} a5 {[%emt 0:00:13]} 61. f6 {[%emt 0:00:45]} Kc6 {[%emt 0:00:34]} 62. f7 {[%emt 0:00:21]} a4 {[%emt 0:01:05]} 63. Bf6 {[%emt 0:00:15]} 1-0

[Event "Cellavision Cup 2019"]
[Site "Lund"]
[Date "2019.08.04"]
[Round "8.5"]
[White "Hector, Jonny"]
[Black "Lindberg, Bengt"]
[Result "1/2-1/2"]
[WhiteElo "2487"]
[BlackElo "2384"]
[Annotator "ChessBase"]
[PlyCount "219"]
[EventDate "2019.08.02"]
[EventType "swiss"]
[EventCountry "SWE"]
[SourceTitle "playchess.com"]
[Source "ChessBase"]
[SourceQuality "1"]
[TimeControl "5400+30"]

1. e4 {[%emt 0:00:00]} c5 {[%emt 0:00:00]} 2. Nf3 {[%emt 0:00:00]} e6 {[%emt 0:00:00]} 3. d4 {[%emt 0:00:00]} cxd4 {[%emt 0:00:00]} 4. Nxd4 {[%emt 0:00:00]} Nc6 {[%emt 0:00:00]} 5. Nc3 {[%emt 0:00:11]} Qc7 {[%emt 0:00:00]} 6. f4 {[%emt 0:00:39]} a6 {[%emt 0:00:23]} 7. Nxc6 {[%emt 0:00:21]} Qxc6 {[%emt 0:01:46]} 8. Bd3 {[%emt 0:01:26]} b5 {[%emt 0:00:15]} 9. Qe2 {[%emt 0:00:44]} Bb7 {[%emt 0:03:05]} 10. a4 {[%emt 0:02:40]} b4 {[%emt 0:04:42]} 11. Nd5 {[%emt 0:00:26]} Nf6 {[%emt 0:03:27]} 12. Nxf6+ {[%emt 0:05:26]} gxf6 {[%emt 0:00:13]} 13. Bd2 {[%emt 0:02:06]} d5 {[%emt 0:06:52]} 14. exd5 {[%emt 0:03:23]} Qxd5 {[%emt 0:00:09]} 15. Rg1 {[%emt 0:09:21]} Bc5 {[%emt 0:09:40]} 16. Be3 {[%emt 0:00:12]} Bxe3 {[%emt 0:04:10]} 17. Qxe3 {[%emt 0:00:15]} O-O-O {[%emt 0:01:38]} 18. O-O-O {[%emt 0:03:00]} Qc6 {[%emt 0:05:56]} 19. Kb1 {[%emt 0:01:14]} Rd5 {[%emt 0:03:30]} 20. Be2 {[%emt 0:03:22]} Qc5 {[%emt 0:07:19]} 21. Qxc5+ {[%emt 0:08:15]} Rxc5 {[%emt 0:00:03]} 22. Rd4 {[%emt 0:01:43]} a5 {[%emt 0:00:05]} 23. g4 {[%emt 0:00:56]} Bc6 {[%emt 0:02:58]} 24. b3 {[%emt 0:01:58]} Kc7 {[%emt 0:06:03]} 25. Rgd1 {[%emt 0:10:55]} Rd5 {[%emt 0:04:22]} 26. Rxd5 {[%emt 0:01:34]} Bxd5 {[%emt 0:00:09]} 27. Kb2 {[%emt 0:00:53]} Kc6 {[%emt 0:04:50]} 28. Rd3 {[%emt 0:03:06]} Be4 {[%emt 0:02:04]} 29. Rh3 {[%emt 0:04:05]} Rd8 {[%emt 0:01:04]} 30. Kc1 {[%emt 0:00:24]} Bg6 {[%emt 0:02:46]} 31. f5 {[%emt 0:01:40]} exf5 {[%emt 0:00:13]} 32. gxf5 {[%emt 0:01:37]} Bxf5 {[%emt 0:00:01]} 33. Rh5 {[%emt 0:00:27]} Be4 {[%emt 0:04:26]} 34. Rxa5 {[%emt 0:00:30]} f5 {[%emt 0:00:17]} 35. Ra7 {[%emt 0:05:33]} Rg8 {[%emt 0:00:30]} 36. Rxf7 {[%emt 0:04:51]} Rg2 {[%emt 0:00:23]} 37. Kd1 {[%emt 0:04:47]} Rxh2 {[%emt 0:09:43]} 38. a5 {[%emt 0:01:46]} Bxc2+ {[%emt 0:03:19]} 39. Ke1 {[%emt 0:04:45]} Bxb3 {[%emt 0:01:35]} 40. Bf3+ {[%emt 0:00:20]} Kb5 {[%emt 0:01:52]} 41. Rxf5+ {[%emt 0:01:11]} Ka6 {[%emt 0:00:06]} 42. Be2+ {[%emt 0:04:58]} Rxe2+ {[%emt 0:05:33]} 43. Kxe2 {[%emt 0:00:12]} Bc4+ {[%emt 0:00:21]} 44. Kd2 {[%emt 0:00:05]} Bb5 {[%emt 0:00:13]} 45. Kc2 {[%emt 0:00:16]} Ba4+ {[%emt 0:00:15]} 46. Kb2 {[%emt 0:00:06]} h6 {[%emt 0:00:53]} 47. Rh5 {[%emt 0:00:22]} Bd1 {[%emt 0:00:05]} 48. Rd5 {[%emt 0:01:14]} Ba4 {[%emt 0:00:06]} 49. Ka2 {[%emt 0:00:44]} Bc2 {[%emt 0:00:06]} 50. Ka1 {[%emt 0:00:46]} Bb3 {[%emt 0:00:17]} 51. Rc5 {[%emt 0:00:24]} Bd1 {[%emt 0:00:11]} 52. Kb2 {[%emt 0:00:31]} Ba4 {[%emt 0:00:05]} 53. Rd5 {[%emt 0:00:06]} Be8 {[%emt 0:00:28]} 54. Rd8 {[%emt 0:01:10]} Ba4 {[%emt 0:00:24]} 55. Ra8+ {[%emt 0:00:30]} Kb7 {[%emt 0:00:05]} 56. Rf8 {[%emt 0:01:20]} Ka6 {[%emt 0:00:10]} 57. Rf5 {[%emt 0:00:18]} Bd1 {[%emt 0:00:12]} 58. Re5 {[%emt 0:00:52]} Ba4 {[%emt 0:00:06]} 59. Kc1 {[%emt 0:00:09]} Bb5 {[%emt 0:00:06]} 60. Kc2 {[%emt 0:00:15]} Ba4+ {[%emt 0:01:02]} 61. Kd3 {[%emt 0:00:40]} Bb5+ {[%emt 0:00:21]} 62. Kc2 {[%emt 0:00:09]} Ba4+ {[%emt 0:00:04]} 63. Kb2 {[%emt 0:02:26]} Bd1 {[%emt 0:00:05]} 64. Rc5 {[%emt 0:00:44]} Ba4 {[%emt 0:00:05]} 65. Rd5 {[%emt 0:00:09]} Be8 {[%emt 0:00:33]} 66. Re5 {[%emt 0:00:27]} Ba4 {[%emt 0:00:07]} 67. Rh5 {[%emt 0:00:07]} Bd1 {[%emt 0:00:17]} 68. Rxh6+ {[%emt 0:00:34]} Kxa5 {[%emt 0:00:05]} 69. Rh4 {[%emt 0:00:07]} Kb5 {[%emt 0:04:13]} 70. Kc1 {[%emt 0:00:12]} Bb3 {[%emt 0:01:06]} 71. Kd2 {[%emt 0:00:08]} Bf7 {[%emt 0:00:50]} 72. Kd3 {[%emt 0:00:22]} Bg8 {[%emt 0:00:26]} 73. Kd4 {[%emt 0:00:13]} Bf7 {[%emt 0:00:24]} 74. Rh7 {[%emt 0:00:30]} Bg8 {[%emt 0:01:40]} 75. Rb7+ {[%emt 0:00:13]} Ka4 {[%emt 0:00:03]} 76. Kc5 {[%emt 0:00:11]} Ka3 {[%emt 0:00:04]} 77. Rxb4 {[%emt 0:00:37]} Ka2 {[%emt 0:00:03]} 78. Rg4 {[%emt 0:00:24]} Bf7 {[%emt 0:00:09]} 79. Kb4 {[%emt 0:00:06]} Be6 {[%emt 0:01:08]} 80. Rf4 {[%emt 0:00:20]} Bg8 {[%emt 0:00:19]} 81. Kc3 {[%emt 0:00:33]} Be6 {[%emt 0:01:24]} 82. Rf2+ {[%emt 0:00:50]} Ka1 {[%emt 0:00:30]} 83. Kc2 {[%emt 0:00:20]} Bg8 {[%emt 0:01:09]} 84. Rf8 {[%emt 0:01:04]} Bd5 {[%emt 0:01:26]} 85. Rf4 {[%emt 0:00:19]} Be6 {[%emt 0:00:13]} 86. Ra4+ {[%emt 0:00:34]} Ba2 {[%emt 0:00:06]} 87. Rb4 {[%emt 0:00:04]} Be6 {[%emt 0:01:14]} 88. Rb1+ {[%emt 0:00:15]} Ka2 {[%emt 0:00:02]} 89. Rb6 {[%emt 0:00:15]} Bf5+ {[%emt 0:00:11]} 90. Kc3 {[%emt 0:00:06]} Bh7 {[%emt 0:00:32]} 91. Rb2+ {[%emt 0:00:23]} Ka1 {[%emt 0:00:14]} 92. Kb3 {[%emt 0:00:10]} Bg8+ {[%emt 0:01:07]} 93. Kc2 {[%emt 0:00:21]} Bh7+ {[%emt 0:00:55]} 94. Kc1 {[%emt 0:00:06]} Bg8 {[%emt 0:00:38]} 95. Rb6 {[%emt 0:00:30]} Bd5 {[%emt 0:00:20]} 96. Kc2 {[%emt 0:00:37]} Be4+ {[%emt 0:00:11]} 97. Kc3 {[%emt 0:00:05]} Bf5 {[%emt 0:00:37]} 98. Kb3 {[%emt 0:00:20]} Be4 {[%emt 0:01:00]} 99. Rd6 {[%emt 0:00:36]} Bh7 {[%emt 0:00:16]} 100. Rd8 {[%emt 0:01:10]} Be4 {[%emt 0:00:15]} 101. Rd4 {[%emt 0:00:52]} Bg6 {[%emt 0:00:30]} 102. Ra4+ {[%emt 0:00:38]} Kb1 {[%emt 0:00:05]} 103. Rf4 {[%emt 0:00:24]} Bc2+ {[%emt 0:00:40]} 104. Kc3 {[%emt 0:00:05]} Bh7 {[%emt 0:00:35]} 105. Rg4 {[%emt 0:00:47]} Bf5 {[%emt 0:00:16]} 106. Rg2 {[%emt 0:00:17]} Ka1 {[%emt 0:00:24]} 107. Kb3 {[%emt 0:00:08]} Be6+ {[%emt 0:00:47]} 108. Ka3 {[%emt 0:00:06]} Bf5 {[%emt 0:00:35]} 109. Rg1+ {[%emt 0:00:15]} Bb1 {[%emt 0:00:05]} 110. Rh1 1/2-1/2